Quantity surveyors fees (Record no. 104797)
[ view plain ]
| 000 -LEADER | |
|---|---|
| fixed length control field | 01269cam a2200229 4500 |
| 001 - CONTROL NUMBER | |
| control field | ##L131645 |
| 008 - FIXED-LENGTH DATA ELEMENTS--GENERAL INFORMATION | |
| fixed length control field | 051124n2005 000 0 eng u |
| 020 ## - INTERNATIONAL STANDARD BOOK NUMBER | |
| International Standard Book Number | 1903202442 |
| 035 ## - SYSTEM CONTROL NUMBER | |
| System control number | (Sirsi) u131645 |
| 041 0# - LANGUAGE CODE | |
| Language code of text/sound track or separate title | eng |
| 050 04 - LIBRARY OF CONGRESS CALL NUMBER | |
| Classification number | 331.2166 $2 18 |
| 110 2# - MAIN ENTRY--CORPORATE NAME | |
| Corporate name or jurisdiction name as entry element | Mirza and Nacey Research |
| 9 (RLIN) | 1403 |
| 245 00 - TITLE STATEMENT | |
| Title | Quantity surveyors fees |
| Remainder of title | a survey of the fees charged by professional quantity surveying practices |
| 250 ## - EDITION STATEMENT | |
| Edition statement | 2006 ed. |
| 260 ## - PUBLICATION, DISTRIBUTION, ETC. | |
| Place of publication, distribution, etc. | Arundel |
| Name of publisher, distributor, etc. | Mirza and Nacey Research Ltd |
| Date of publication, distribution, etc. | 2005 |
| 300 ## - PHYSICAL DESCRIPTION | |
| Extent | 45p |
| Other physical details | graphs, tables |
| Dimensions | 30cm. |
| 350 ## - PRICE (NR) (BK AM CF MU VM SE) [OBSOLETE] | |
| Price | 135.00 |
| 520 ## - SUMMARY, ETC. | |
| Summary, etc. | The information in this publication is based on a survey of professional quantity surveying practices undertaken over the 24 month period to July 2005. Divided into four sections, section one examines the survey background and includes methodology and respondent profile. Section two discusses quantity surveyors charge-out rates, with section three discussing fees including contractual and regional variations and the trend in fees from 1999 to 2005. Section four contains detailed analysis of the fees data including private housing, leisure, offices, industrial, retail and public and community projects. |
| 690 ## - LOCAL SUBJECT ADDED ENTRY--TOPICAL TERM (OCLC, RLIN) | |
| Topical term or geographic name as entry element | MANAGEMENT-BUSINESS MANAGEMENT-FEES |
| 942 ## - ADDED ENTRY ELEMENTS (KOHA) | |
| Suppress in OPAC | 0 |
| Withdrawn status | Lost status | Source of classification or shelving scheme | Damaged status | Not for loan | Home library | Current library | Shelving location | Date acquired | Cost, normal purchase price | Total Checkouts | Full call number | Barcode | Date last seen | Date last checked out | Copy number | Cost, replacement price | Price effective from | Koha item type |
|---|---|---|---|---|---|---|---|---|---|---|---|---|---|---|---|---|---|---|
| Dewey Decimal Classification | London | London | Basement | 04/01/2006 | 114.75 | 8 | SHELF 302 | 30071464 | 06/08/2019 | 21/02/2008 | 1 | 114.75 | 06/08/2019 | Book |